Państwa nieuznawane (Jest 6 kolumn) - Statystyki

Ogólne statystyki
  • Ten quiz został rozwiązany 57 razy
  • Średni wynik to 12 z 51
Statystyki odpowiedzi
Od którego roku (część państwa) Odpowiedź % Poprawnych
2008 (dawna część Serbii) Kosowo
94%
1983 Cypr
89%
(Izrael) Palestyna
85%
1974 (Cypr) Cypr Północny
81%
1990 (Mołdawia) Naddniestrze
74%
1949 (Chiny) Republika Chińska / Tajwan
74%
1976 (Maroko) Sahara Zachodnia
70%
1991 (Somalia) Somaliland
62%
1992 (Gruzja) Abchazja
60%
1991 (Gruzja) Osetia Południowa
53%
2014 (Ukraina) Krym
43%
2014 - 2022 (Ukraina) Doniecka Republika Ludowa
42%
1991 - 2023 (Azerbejdżan) Górski Karabach
40%
2014 - 2022 (Ukraina) Ługańska Republika Ludowa
38%
1996 - 1999 (Rosja) Czeczenia
30%
1991 Armenia
28%
1912 - 1951 (Chiny) Tybet
26%
1949 Chińska Republika Ludowa / Chiny
25%
1948 Izrael
25%
1948 Korea Północna
21%
1948 Korea Południowa
21%
1992 - 1995 (Bośnia i Hercegowina) Republika Serbska
15%
1991 - 1995 (Chorwacja) Republika Serbskiej Krajiny
15%
1990 - 1994 (Mołdawia) Gagauzja
11%
1991 - 2005 (Gruzja) Adżaria
9%
1967 - 1970 (Nigeria) Biafra
9%
1992 - 1994 (Bośnia i Hercegowina) Herceg-Bośnia
8%
1960 - 1964 (DRK) Katanga
8%
1991 - 1994 (Rosja) Tatarstan
8%
1965 - 1980 (Zimbabwe) Rodezja
6%
1967 - 1969 (Wielkiej Brytania) Anguilla
4%
1975 - 1976 (Angola) Kabinda
4%
1990 (Azerbejdżan) Nachiczewan
4%
1997 - 2002 (Komory) Anjouan
2%
1977 - 1994 (RPA) Bophuthatswana
2%
1960 - 1962 (Uganda) Buganda
2%
1981 - 1994 (RPA) Ciskei
2%
1960 - 1961 (DRK) Kasai Południowe
2%
1987 - 1988 (Fidżi) Rotuma
2%
1980 (Vanuatu) Tanna
2%
1990 - 1997 (Papua Nowa Gwinea) Wyspa Bougainville’a
2%
1993 - 1995 (Bośnia i Hercegowina) Zachodnia Bośnia
2%
1998 - 2001 (Somalia) Jubaland
0%
1962 - 1994 (Mjanma) Kaczin
0%
1997 -1998 (Komory) Mohéli
0%
1950 ( Indonezja) Południowe Moluki
0%
1959 - 1963 (Malediwy) Suwadiwy
0%
1976 - 1994 (RPA) Transkei
0%
1980 (Vanuatu) Vemerana
0%
1979 - 1994 (RPA) Venda
0%
2006 (Pakistan) Waziristan
0%
Nie znaleziono quizów pasujących do podanych kryteriów
Rozkład punktacji
Procent ludzi z każdym wynikiem
Percentyl według liczby udzielonych odpowiedzi
Twoja historia wyników
Nie rozwiązałeś tego quizu